MDQL
is popping MORE tags! Check the
thread
!
Quizzes
Events
Quiz Creation
Community
Videos
Private Events
Remove Ads
Sign In
Join for FREE
Feedback
Dark Mode
Quiz Categories
Sports
Geography
Music
Movies
Television
Just For Fun
Miscellaneous
History
Literature
Language
Science
Gaming
Entertainment
Religion
Holiday
For Kids
Quiz Lab
Recent
Popular Today
Quiz Kudos Today
Editor Picks
Curator Picks
Quizzes by...
Day
Popularity
Type
Ratings
Length
Year
Community
Subscriptions
Recent Discussions
Orange Saloon
Badges
Playlists
Quests
Create
Leaderboards
Showdown
Live 5
Trivia Bingo
Activity
Puzzle Library
Sporcle Events
Private Events
Virtual Trivia
Globe League
Become a Host
Pub Owners
SporcleCon
Opinionation
Our Games
Videos
Blog
Mobile Apps
Partnerships
Remove Ads and Go Orange
Feedback
Gaming
Video Games
Board Games
Card Games
Pokémon
Mario
Nintendo
Minecraft
Console
Toys
Legend of Zelda
Gaming
Video Games
Board Games
Card Games
Pokémon
Mario
Nintendo
Minecraft
Console
Toys
Legend of Zelda
Random Quiz
Search Sporcle
×
Quiz Lab
Quiz Lab
Gaming
Guitar Hero
Type in answers that appear in a list
Type in answers that appear in a list
Classic
Best Score? Go Orange.
DJ Hero - Guitar Playable Tracks Stats
Can you name the DJ Hero - Guitar Playable Tracks?
By
BryonSmithFan
5m
10 Questions
10 Plays
10 Plays
10 Plays
Comments
Comments
Give Quiz Kudos
Give Quiz Kudos
-
- Ratings
hide this ad
Replay
Link that replays current quiz
Next Quiz
Link to next quiz in quiz playlist
You Got
0%
They Got
Avg Score
76%
Avg Friend Score
Upgrade to see
Score Distribution
Jump to the score distribution portion of the page
Score
0/10
Timer
05:00
0
Plays Today
Artist 1
Mixes
% Correct
Motörhead
Ace Of Spades\Groundhog
100%
The Killers
Somebody Told Me\Disturbia
80%
Third Eye Blind
Semi-Charmed Life\I Want You Back
80%
Foreigner
Juke Box Hero\DJ Hero
80%
Foo Fighters
Monkey Wrench\Sabotage
80%
Wild Cherry
Play That Funky Music\Just to Get a Rep
80%
Weezer
Beverly Hills\Fresh Rhymes and Videotape
70%
Street Sweeper Social Club
Fight! Smash! Win!\Intergalactic
70%
Billy Squier
Big Beat\Lapdance
60%
Zakk Wylde
Bring The Noise 20XX
60%
Quiz Playlist
Details
Report
Send in Message
Add To Playlist
Classic:
Type in answers that appear in a list
Quiz Source
Last Updated: Feb 16, 2017
Quiz Scoreboard
CHALLENGE
Sign Up to Join the Scoreboard
Show All
Scores
Hide
Comments
May contain spoilers
Recently Published
Holiday 10x10 Sorting Gallery
by lukepisani3
Holiday
15m
Two Season TV Shows II
by 123Four
Television
10m
Image Sorting: Flags VI
by Barbecue
Geography
2m
More to Explore
Quiz From the Vault
Featured Blog Post
14 Easter Pick-up Lines to Find Eggs With
hide this ad
You Might Also Like...
Tags
Guitar Hero
Today's Top Quizzes in Gaming
Browse Gaming
hide this ad
Top Contributed Quizzes in Gaming
1
League of Legends Pro Players by Career/Team History
2
Destiny 2 exotic weapons by perk icons
3
Genshin Impact Logic Puzzle
4
Genshin Impact Logic Puzzle Quiz
5
Ultimate Genshin Impact Logic Puzzle (up to 4.3)
6
4x4 Decades: Video Games
7
Genshin murder mystery
8
Who's on the WWE 2K24 Cover?
9
Dead By Daylight Logic Puzzle
10
Image Sorting: Video Game Characters II
Explore More
Trending Topics
Anime
Crossword
Harry Potter
Disney
Kpop
NBA
Marvel
WWE
Pokémon
Country
The Office
NFL
Song
Puzzle
Soccer
hide this ad
More By:
BryonSmithFan
Quiz
Plays
Rating
Category
Featured
Created
No, I am your ____
3,428
2.24
Science
Jan 20, 2015
Its a me, Sonic!
3,307
1.80
Gaming
Mar 3, 2015
233 Games
259
3.00
Sports
Dec 23, 2014
Country Flags with purple
252
3.33
Geography
Dec 18, 2014
The Great One
211
3.25
Sports
Dec 18, 2014
Go to Creator's Profile
Score Distribution
Quiz Creator Spotlight
BryonSmithFan
Follow
Send a Message
Quizzes Created
-
Created Quiz Play Count
-
More By This Creator
Popular Quizzes Today
1
Find the US States - No Outlines Minefield
2
Colored Red Africa Blitz
3
Find the 'City' Movie
4
The Countries of the World
5
Find the US States
6
5x2 Blitz: Bands
7
Find the Countries of Europe - No Outlines Minefield
8
US States
More Gaming Quizzes
Third in Line: Video Games
Quiz Lab
Trending Quizzes
Colored Red Europe Blitz I
Colored Red Europe Blitz II
Colored Red Africa Blitz II
Colored Red Africa Blitz III
Colored Red Europe Blitz III
Recently Updated
Odd Team Out - Big 4 Players
pecheneg
Quick Pick: 20 Twenties
pecheneg
March Madness Men's Triple Doubles
pecheneg
How Do You Spell That?
pecheneg
Godzilla Movies
pecheneg
Grab Bag: 4-10 Letters
pecheneg
2024 March Madness Bracket
pecheneg
Famous TV Couples
Peacemaker
Champions League XIs: Real Madrid
pecheneg
Largest US Cities 1790-2010
pecheneg
Trending Topics
Harry Potter
Kpop
Anime
Marvel
Crossword
NBA
Disney
WWE
The Office
Soccer
Song
NFL
Pokémon
Country
Puzzle
Your Account Isn't Verified!
In order to create a playlist on Sporcle, you need to verify the email address you used during registration. Go to your
Sporcle Settings
to finish the process.
Report this User
Report this user for behavior that violates our
Community Guidelines
.
Details:
Send Report
Go to the Sporcle.com Mobile Site →
Comments